New Zealand Rugby All Blacks 2020 Debutants - Statistics

General Stats
  • This quiz has been taken 17 times
  • The average score is 3 of 9
Answer Stats
Answer % Correct
Akira Ioane
80%
Will Jordan
60%
Caleb Clarke
53%
Tupou Vaa'i
47%
Asafo Aumua
33%
Cullen Grace
20%
Hoskins Sotutu
20%
Peter Umaga-Jensen
20%
Alex Hodgman
13%
No matching quizzes found
Score Distribution
Percent of People with Each Score
Percentile by Number Answered
Your Score History
You have not taken this quiz